Nahoru dolů
| Titel: | Nahoru dolů : rozhovor s Martinem Stropnickým / Lucie Němečková |
|---|---|
| Verfasser: | |
| Beteiligt: | |
| Ausgabe: | 1. vyd. |
| Veröffentlicht: | Praha [u.a.] : Paseka, 2014 |
| Umfang: | 208, [13] S. : Ill. |
| Format: | Buch |
| Sprache: | Tschechisch |
| ISBN: | 9788074322952 |
| Hinweise zum Inhalt: |
Inhaltsverzeichnis
|
alg: 33990026
001A $03004:08-05-14
001B $01999:09-06-23 $t21:38:34.000
001C $03004:12-09-14 $t15:06:02.000
001D $03004:12-09-14
001U $0utf8
001X $00
002@ $0Aau
003@ $0339900261
004A $A978-80-7432-295-2
007A $0339900261 $aHEB
007G $0DE020A6A45C063F35F1BFC1257D6D002A7765
009P $qapplication/pdf $A2 $3Inhaltsverzeichnis $uhttp://scans.hebis.de/HEBCGI/show.pl?33990026_toc.pdf $mV:DE-603;B:DE-Mb50
010@ $acze
011@ $a2014
013H $0z
021A $aNahoru dolů $drozhovor s Martinem Stropnickým $hLucie Němečková
028A $7 $8Němečková, Lucie [Tnx] $9171002644
028B/01 $7140419004 $8Stropnický, Martin$Z1956- [Tp1] $9220337519
032@ $a1. vyd.
033A $pPraha {[u.a.] $nPaseka
034D $a208, [13] S.
034M $aIll.
045F $a900.943710904 $eDDC23BSB
045F/01 $a900
045F/03 $f0904
045F/03 $f0905
045F/03 $g4371
045F/03 $g437
045G $a791.4094371 $eDDC23BSB
045G/01 $a791.409
045G/03 $g4371
045G/03 $g437
045H $a909 $eDDC23BSB
045H/01 $a909
045H/03 $f09048
045H/03 $f09049
045H/03 $g4371
lok: 33990026 24
101B $012-09-14 $t15:21:53.000
101C $012-09-14
101U $0utf8
145Z/01 $a23 5 Fa
145Z/02 $a22 5 Fa
145Z/03 $a23 15 K
145Z/04 $a22 15 K
145Z/05 $a23 7 R
145Z/06 $a23 7 V
145Z/07 $a23 7 O
145Z/08 $a23 7 Q
145Z/09 $a23 7 S
exp: 33990026 24 1 #EPN
201B/01 $012-09-14 $t15:05:48.000
201C/01 $008-05-14
201U/01 $0utf8
203@/01 $0731368363
208@/01 $a12-09-14 $bz
209A/01 $a14.05126 $du $f050 $h14 05126 $x00
209C/01 $a14.05126 K $h14 05126 K
209G/01 $a73053439 $x00
220C/01 $akon
244Z/01 $7140419004 $8--Tp1--Stropnický, Martin$Z1956- $x01 $9220337519
247C/01 $8358050-7 Marburg, Bibliothek des Herder-Instituts Marburg $9102600961
| LEADER | 00000cam a2200000 c 4500 | ||
|---|---|---|---|
| 001 | 339900261 | ||
| 003 | DE-603 | ||
| 005 | 20230609213834.0 | ||
| 007 | tu | ||
| 008 | 140508s2014 xx |||| | u00||u|cze c | ||
| 020 | |a 9788074322952 | ||
| 035 | |a (DE-599)HEB339900261 | ||
| 040 | |a DE-603 |b ger |c DE-603 |d DE-603 | ||
| 041 | |a cze | ||
| 082 | 0 | 4 | |8 1\u |a 900.943710904 |q DE-101 |2 23/BSB |
| 083 | 0 | |8 2\u |a 791.4094371 |q DE-101 |2 23/BSB | |
| 083 | 0 | |8 3\u |a 909 |q DE-101 |2 23/BSB | |
| 085 | |8 1\u |b 900 | ||
| 085 | |8 1\u |z 1 |s 0904 | ||
| 085 | |8 1\u |z 1 |s 0905 | ||
| 085 | |8 1\u |z 2 |s 4371 | ||
| 085 | |8 1\u |z 2 |s 437 | ||
| 085 | |8 2\u |b 791.409 | ||
| 085 | |8 2\u |z 2 |s 4371 | ||
| 085 | |8 2\u |z 2 |s 437 | ||
| 085 | |8 3\u |b 909 | ||
| 085 | |8 3\u |z 1 |s 09048 | ||
| 085 | |8 3\u |z 1 |s 09049 | ||
| 085 | |8 3\u |z 2 |s 4371 | ||
| 100 | 1 | |a Němečková, Lucie |0 (DE-603)171002644 | |
| 245 | 0 | 0 | |a Nahoru dolů |b rozhovor s Martinem Stropnickým |c Lucie Němečková |
| 250 | |a 1. vyd. | ||
| 264 | 1 | |a Praha [u.a.] |b Paseka |c 2014 | |
| 300 | |a 208, [13] S. |b Ill. | ||
| 700 | 1 | |a Stropnický, Martin |d 1956- |0 (DE-603)220337519 |0 (DE-588)140419004 |2 gnd | |
| 856 | 4 | 2 | |m V:DE-603;B:DE-Mb50 |q application/pdf |u http://scans.hebis.de/HEBCGI/show.pl?33990026_toc.pdf |3 Inhaltsverzeichnis |
| 924 | 0 | |9 Mb 50 |a (DE-603)731368363 |b DE-Mb50 |c HES |d c |g 14.05126 | |


